Energy conservation through building design / (Record no. 164307)

MARC details
000 -LEADER
fixed length control field 00897nam a2200253 a 4500
003 - CONTROL NUMBER IDENTIFIER
control field OSt
005 - DATE AND TIME OF LATEST TRANSACTION
control field 20251119093618.0
008 - FIXED-LENGTH DATA ELEMENTS--GENERAL INFORMATION
fixed length control field
020 ## - INTERNATIONAL STANDARD BOOK NUMBER
International Standard Book Number 007068460X (hardback)
040 ## - CATALOGING SOURCE
Transcribing agency NUST
Original cataloging agency NUST
Language of cataloging eng
Modifying agency NUST
Description conventions rda
050 ## - LIBRARY OF CONGRESS CALL NUMBER
Classification number TJ163.5.B84 ENE
100 ## - MAIN ENTRY--PERSONAL NAME
Personal name Donald Watson
Relator term Editor
245 00 - TITLE STATEMENT
Title Energy conservation through building design /
Statement of responsibility, etc. edited by Donald Watson.
260 ## - PUBLICATION, DISTRIBUTION, ETC.
Place of publication, distribution, etc. New York :
Name of publisher, distributor, etc. McGraw-Hill,
Date of publication, distribution, etc. ©1979.
300 ## - PHYSICAL DESCRIPTION
Extent x, 305 pages. :
Other physical details illustrations. ;
Dimensions 29 cm.
336 ## - CONTENT TYPE
Source rdacontent
Content type term text
Content type code txt
337 ## - MEDIA TYPE
Source rdamedia
Media type term unmediated
Media type code n
338 ## - CARRIER TYPE
Source rdacarrier
Carrier type term volume
Carrier type code nc
504 ## - BIBLIOGRAPHY, ETC. NOTE
Bibliography, etc. note Includes bibliographical references.
650 #0 - SUBJECT ADDED ENTRY--TOPICAL TERM
Topical term or geographic name entry element Buildings
General subdivision Energy conservation.
650 #0 - SUBJECT ADDED ENTRY--TOPICAL TERM
Topical term or geographic name entry element Architecture and energy conservation.
700 1# - ADDED ENTRY--PERSONAL NAME
Personal name Watson, Donald.
Relator term editor
942 ## - ADDED ENTRY ELEMENTS (KOHA)
Koha item type Ordinary Loan Books
Call number prefix TJ163.5.B84
Call number suffix ENE
Source of classification or shelving scheme Library of Congress Classification
Classification part TJ163.5.B84 ENE
Suppress in OPAC No
Holdings
Withdrawn status Lost status Source of classification or shelving scheme Damaged status Not for loan Collection Home library Current library Shelving location Date acquired Source of acquisition Cost, normal purchase price Total Checkouts Full call number Barcode Date last seen Accession number Cost, replacement price Price effective from Koha item type Public note
    LCC   1 NFIC MAIN MAIN GEN 11/19/2025 Book Aid International 80.00   TJ163.5.B84 ENE 92003016809 01/23/2023 1199 80.00 11/19/2025 BOOKS Donation
    LCC   1 NFIC MAIN MAIN GEN 11/19/2025 Book Aid International 80.00   TJ163.5.B84 ENE 92003016673 11/19/2025 1202 80.00 11/19/2025 BOOKS Donation